Introduction to qualitative research methods in psychology

Introduction to Qualitative Research Methods in Psychology, gives you a solid foundation in the key principles of qualitative research. This easy-to-follow textbook provides practical guidance through the core methods of data collection, data analysis, and report writing in qualitative research, enc...

Descripción completa

Guardado en:  
Detalles Bibliográficos
Autor principal: Howitt, Dennis 1945- (Autor)
Tipo de documento: Print Libro
Lenguaje:Inglés
Publicado: Harlow, England London New York Boston San Francisco Toronto Sydney Dubai Singapore Hong Kong Tokyo Seoul Taipei New Delhi Cape Town São Paulo Mexico City Madrid Amsterdam Munich Paris Milan Pearson 2025
En:Año: 2025
Edición:Fifth edition
Acceso en línea: Cover (Publisher)
Índice
Índice
Verificar disponibilidad: HBZ Gateway
Pedido de libro:Enviar el pedido
Servicio de pedido Subito: Pedir ahora.
Palabras clave:

MARC

LEADER 00000cam a2200000 c 4500
001 1910762946
003 DE-627
005 20260317075109.0
007 tu
008 241203s2025 xxk||||| 00| ||eng c
010 |a  2024051596 
020 |a 9781292729800  |q paperback  |9 978-1-292-72980-0 
035 |a (DE-627)1910762946 
035 |a (DE-599)KXP1910762946 
035 |a (OCoLC)1524871251 
035 |a (OCoLC)1514862875 
040 |a DE-627  |b ger  |c DE-627  |e rda 
041 |a eng 
044 |c XA-GB  |c XD-US  |c XD-CA  |c XE-AU  |c XB-AE  |c XB-SG  |c XB-HK  |c XB-JP  |c XB-KR  |c XB-TW  |c XB-IN  |c XC-ZA  |c XD-BR  |c XD-MX  |c XA-ES  |c XA-NL  |c XA-DE  |c XA-FR  |c XA-IT 
050 0 |a BF76.5 
082 0 |a 150.72/1  |q DLC  |2 23/eng/20241202 
082 0 |a 150.721 
082 0 4 |a 150  |q DE-101 
084 |a CM 3000  |2 rvk  |0 (DE-625)rvk/18945: 
100 1 |a Howitt, Dennis  |d 1945-  |e VerfasserIn  |0 (DE-588)172144787  |0 (DE-627)697059626  |0 (DE-576)161499120  |4 aut 
109 |a Howitt, Dennis 1945-  |a Howitt, D. 1945- 
240 1 0 |a Introduction to qualitative methods in psychology 
245 1 0 |a Introduction to qualitative research methods in psychology  |c Dennis Howitt, Loughborough University 
250 |a Fifth edition 
264 1 |a Harlow, England  |a London  |a New York  |a Boston  |a San Francisco  |a Toronto  |a Sydney  |a Dubai  |a Singapore  |a Hong Kong  |a Tokyo  |a Seoul  |a Taipei  |a New Delhi  |a Cape Town  |a São Paulo  |a Mexico City  |a Madrid  |a Amsterdam  |a Munich  |a Paris  |a Milan  |b Pearson  |c 2025 
300 |a xvi, 601 Seiten  |b Illustrationen 
336 |a Text  |b txt  |2 rdacontent 
337 |a ohne Hilfsmittel zu benutzen  |b n  |2 rdamedia 
338 |a Band  |b nc  |2 rdacarrier 
500 |a Literaturverzeichnis: Seite 543-581 
505 8 |a PrefaceAcknowledgements Part 1. Background to qualitative methods in psychology What is qualitative research in psychology and was it really hidden?How qualitative methods developed in psychology: the qualitative revolution Part 2 How to collect qualitative data Qualitative interviewingFocus groupsEthnography/participant observation Part 3 Qualitative data analysis How to transcribe recordings7 Thematic analysis8 Using grounded theory9 Social constructionist discourse analysis and discursive psychology10 Conversation analysis11 Foucauldian discourse analysis12 Phenomenology13 Interpretative phenomenological analysis (IPA)14 Narrative analysis Part 4 Successful writing-up, ensuring quality and ethical clearance in qualitative research How to write a good qualitative reportEnsuring quality in your researchHow to obtain ethical clearance for qualitative researchInternet Mediated Qualitative ResearchExamples of qualitative report writing: learning to write good reports GlossaryReferencesIndex 
520 |a Introduction to Qualitative Research Methods in Psychology, gives you a solid foundation in the key principles of qualitative research. This easy-to-follow textbook provides practical guidance through the core methods of data collection, data analysis, and report writing in qualitative research, encouraging you to successfully carry out your own research 
650 0 |a Psychology  |x Research  |2 DLC 
650 0 |a Psychology  |x Research  |x Methodology  |2 DLC 
650 4 |a PSYCHOLOGY / Research & Methodology 
650 4 |a Psychological methodology 
650 4 |a Psychologische Methodenlehre 
689 0 0 |d s  |0 (DE-588)4047704-6  |0 (DE-627)106193821  |0 (DE-576)209074426  |a Psychologie  |2 gnd 
689 0 1 |d s  |0 (DE-588)4155046-8  |0 (DE-627)105518689  |0 (DE-576)209815868  |a Forschungsmethode  |2 gnd 
689 0 |5 (DE-627) 
776 1 |z 9781292735252  |c PDF 
776 1 |z 9781292461618  |c ePub 
856 4 2 |u https://www.gbv.de/dms/ilmenau/toc/1910762946.PDF  |m DE-601  |q application/pdf  |x Digitalisierung  |y Inhaltsverzeichnis  |3 Inhaltsverzeichnis  |7 1 
856 4 2 |u https://swbplus.bsz-bw.de/bsz1910762946inh.htm  |m V:DE-576  |m B:DE-Frei85  |v 20251127200129  |3 Inhaltsverzeichnis  |7 1 
856 4 2 |u https://www.dietmardreier.de/annot/426F6F6B446174617C7C393738313239323732393830307C7C434F50.jpg?sq=23  |x Verlag  |3 Cover  |7 1 
889 |w (DE-627)1922882879 
935 |a mkri 
936 r v |a CM 3000  |b Methoden der Psychologie (Testtheorie, Skalierung, Faktorenanalyse u.ä.)  |k Psychologie  |k Allgemeines. Geschichte und Methodik  |k Methoden der Psychologie (Testtheorie, Skalierung, Faktorenanalyse u.ä.)  |0 (DE-627)127150832X  |0 (DE-625)rvk/18945:  |0 (DE-576)20150832X 
951 |a BO 
ELC |b 1 
LOK |0 000 xxxxxcx a22 zn 4500 
LOK |0 001 4809287009 
LOK |0 003 DE-627 
LOK |0 004 1910762946 
LOK |0 005 20251120113457 
LOK |0 008 251120||||||||||||||||ger||||||| 
LOK |0 040   |a DE-Frei85  |c DE-627  |d DE-Frei85 
LOK |0 852   |a DE-Frei85 
LOK |0 852 1  |m p  |9 00 
LOK |0 938   |k p 
LOK |0 939   |a 2025-11-20  |b l01 
ORI |a WA-MARC-krimdoka001.raw 
PDA |a yes